Group process and inductive method : (Record no. 5719)

MARC details
000 -LEADER
fixed length control field 00775nam a22002057a 4500
003 - CONTROL NUMBER IDENTIFIER
control field OSt
005 - DATE AND TIME OF LATEST TRANSACTION
control field 20251117113636.0
008 - FIXED-LENGTH DATA ELEMENTS--GENERAL INFORMATION
fixed length control field 251117b |||||||| |||| 00| 0 eng d
020 ## - INTERNATIONAL STANDARD BOOK NUMBER
International Standard Book Number 978-971-550-565-9
040 ## - CATALOGING SOURCE
Original cataloging agency DWCL-Main lib
Transcribing agency OC
082 ## - DEWEY DECIMAL CLASSIFICATION NUMBER
Edition number Updated and revised ed.
Classification number Fil. 302.14 Or77g 2008
100 ## - MAIN ENTRY--PERSONAL NAME
Personal name Ortigas, Carmela D.
245 ## - TITLE STATEMENT
Title Group process and inductive method :
Remainder of title theory and practice in the Philippines
Statement of responsibility, etc. Ortigas, Carmela D.
260 ## - PUBLICATION, DISTRIBUTION, ETC.
Place of publication, distribution, etc. Quezon City :
Name of publisher, distributor, etc. ADMU Press,
Date of publication, distribution, etc. c2008.
300 ## - PHYSICAL DESCRIPTION
Extent xiii, 210 pages :
Other physical details illustration ;
Dimensions 25 cm.
504 ## - BIBLIOGRAPHY, ETC. NOTE
Bibliography, etc. note Includes bibliographical references and index.
650 ## - SUBJECT ADDED ENTRY--TOPICAL TERM
Source of heading or term 1. Cooperative learning.
650 ## - SUBJECT ADDED ENTRY--TOPICAL TERM
Source of heading or term 2. Group relations training.
942 ## - ADDED ENTRY ELEMENTS (KOHA)
Source of classification or shelving scheme Dewey Decimal Classification
Koha item type Book-Filipiniana
Edition Updated and revised ed.
Call number prefix Updated and revised ed.
Suppress in OPAC No
952 ## - LOCATION AND ITEM INFORMATION (KOHA)
--
Holdings
Withdrawn status Lost status Source of classification or shelving scheme Damaged status Not for loan Home library Current library Shelving location Date acquired Source of acquisition Cost, normal purchase price Total Checkouts Full call number Barcode Date last seen Copy number Price effective from Koha item type Uniform Resource Identifier
    Dewey Decimal Classification     College Library College Library Filipiniana 08/19/2008 Donation 0.00   Fil. 302.14 Or77g 2008 46123 11/17/2025 c1 11/17/2025 BK - FIL